000
00479nam a2200169Ia 4500
008
090711s9999 xx 000 0 und d
082
_b
41823
100
_a
भागवत यशवंत
245
_a
मुग्धकलिका
260
_c
1980
300
_a
195
600
_a
भागवत यशवंत
630
_a
मुग्धकलिका
700
_a
भागवत यशवंत
730
_a
मुग्धकलिका
942
_c
BOOK
999
_c
294720
_d
294720